02224nam a22002657a 4500003000900000008004100009040007100050082002500121110005500146245014300201260002800344300004600372440006300418505119000481650002401671650002301695650002801718650001601746700002401762700002701786700002501813700002901838700003601867710005501903AR-CdUCM190425b ||||| |||| 00| 0 spa d aMUNICIPALIDAD PROVINCIAL DEL CUSCOcBIBLIOTECA MUNICIPAL DEL CUSCO aRev.Anto/N°119/2011 aUniversidad Nacional de San Antonio Abad del Cusco aEl Antoniano :bRevista científico cultural de la Universidad Nacional de San Antonio Abad del Cusco /cHugo Bonet Rodríguez, director aCusco :bUNSAAC,c2011. a182 páginas. :bilustraciones ;c29 cm. aEl Antononiano.nAño 21, N°119, tercer trimestre, 2011. aContenido: Españoles en nuevo mundo. Jorge Flores Ochoa. -- Fiesta del Wasichacuy en Marcapata. Diana Castillo Cerf. -- José María Arguedas en Cusco. Ricardo Valderrama. -- Apellidos aborígenes andinos. Leandro Zans Candia. -- Economía de subsistencia en la globalización. Mario Morvelí Salas. -- Demetrio Roca Wallparimachi y las clasificaciones étnicas. Gonzalo Valderrama Escalante. -- Cosecha de agua de lluvia. María Consuelo Ancco. -- Arquitectura de obrajes y chorrillos cusqueños. Inti Barreto Rivera. -- Producción del habitar en Machupicchu. Víctor Manuel Salas. -- Casas cusqueñas en inminente riesgo. Mariela Carrasco Gamarra. -- El pasado en el desarrollo humano. Fernando Oviedo Hinojosa. -- Transmisibilidad en maquinas rotativas. David Barrios Bárcena. -- Minería y medio ambiente. Ángel Bueno Galdo. -- El trigo. José Ángel Escalante Gutiérrez. -- Flórula vascular en Machupicchu. Julio Gustavo Ochoa Estrada. -- José María Arguedas hacia el futuro. Efraín Garcés Chalco. -- Dr. Víctor Navarro del Águila y el Machupicchu. Demetrio Roca Wallparimachi. -- Túpac Amaru Kamaq Taytanchisman. José María Arguedas. aFolklore cusqueño aIdentidad cultural aJosé María Arguedas aMachupicchu aFlores Ochoa, Jorge aMorvelí Salas, Mario aCastillo Cerf, Diana aArguedas, José María aValderrama Fernández, Ricardo aUniversidad Nacional de San Antonio Abad del Cusco